|
|
|
|
| LEADER |
00000cam a22000004a 4500 |
| 001 |
musev2_23919 |
| 003 |
MdBmJHUP |
| 005 |
20230905042538.0 |
| 006 |
m o d |
| 007 |
cr||||||||nn|n |
| 008 |
091215s2010 scu o 00 0 eng d |
| 020 |
|
|
|a 9781611172294
|
| 020 |
|
|
|z 9781570039058
|
| 035 |
|
|
|a (OCoLC)822019842
|
| 040 |
|
|
|a MdBmJHUP
|c MdBmJHUP
|
| 100 |
1 |
|
|a Tillman, James Adams,
|d 1842-1866.
|
| 245 |
1 |
2 |
|a A Palmetto Boy :
|b Civil War-Era Diaries and Letters of James Adams Tillman /
|c edited by Bobbie Swearingen Smith.
|
| 250 |
|
|
|a Cloth ed.
|
| 264 |
|
1 |
|a [Columbia, S.C.] :
|b University of South Carolina Press,
|c 2010.
|
| 264 |
|
3 |
|a Baltimore, Md. :
|b Project MUSE,
|c 2014
|
| 264 |
|
4 |
|c ©2010.
|
| 300 |
|
|
|a 1 online resource (232 pages):
|b illustrations, maps, portrait
|
| 336 |
|
|
|a text
|b txt
|2 rdacontent
|
| 337 |
|
|
|a computer
|b c
|2 rdamedia
|
| 338 |
|
|
|a online resource
|b cr
|2 rdacarrier
|
| 505 |
0 |
|
|a James Adams Tillman's family genealogy -- The Carolinas, November 1859-May 1863 -- Mississippi, May-September 1863 -- The mountains, September-November 1863 -- The inlands, December 1863-March 1865 -- Chester, April 1865-June 1866 -- Appendix 1: James Adams Tillman's home -- Appendix 2: Itinerary for James Adams Tillman, 1862-1865 -- Appendix 3: Battles fought in the vicinity of James Adams Tillman, 1862-1865.
|
| 520 |
|
|
|a An insightful view of major Civil War battles from a representation of one of South Carolina's most influential families.
|
| 588 |
|
|
|a Description based on print version record.
|
| 600 |
1 |
7 |
|a Tillman, James Adams,
|d 1842-1866.
|2 fast
|0 (OCoLC)fst01936516
|
| 600 |
1 |
1 |
|a Tillman, James Adams,
|d 1842-1866
|v Diaries.
|
| 600 |
1 |
1 |
|a Tillman, James Adams,
|d 1842-1866
|v Correspondence.
|
| 600 |
1 |
0 |
|a Tillman, James Adams,
|d 1842-1866
|v Correspondence.
|
| 600 |
1 |
0 |
|a Tillman, James Adams,
|d 1842-1866
|v Diaries.
|
| 610 |
1 |
7 |
|a Confederate States of America.
|b Army.
|b South Carolina Infantry Regiment, 24th.
|b Company I
|2 fast
|0 (OCoLC)fst01995464
|
| 610 |
1 |
0 |
|a Confederate States of America.
|b Army.
|b South Carolina Infantry Regiment, 24th.
|b Company I.
|
| 650 |
|
7 |
|a Soldiers.
|2 fast
|0 (OCoLC)fst01125233
|
| 650 |
|
7 |
|a Regimental histories.
|2 fast
|0 (OCoLC)fst01354209
|
| 650 |
|
7 |
|a HISTORY
|z United States
|x Civil War Period (1850-1877)
|2 bisacsh
|
| 650 |
|
7 |
|a HISTORY
|z United States
|x State & Local
|x South (AL, AR, FL, GA, KY, LA, MS, NC, SC, TN, VA, WV)
|2 bisacsh
|
| 650 |
|
0 |
|a Soldiers
|z South Carolina
|v Correspondence.
|
| 650 |
|
0 |
|a Soldiers
|z South Carolina
|v Diaries.
|
| 651 |
|
7 |
|a United States.
|2 fast
|0 (OCoLC)fst01204155
|
| 651 |
|
7 |
|a South Carolina
|z Chester.
|2 fast
|0 (OCoLC)fst01222542
|
| 651 |
|
7 |
|a South Carolina.
|2 fast
|0 (OCoLC)fst01204600
|
| 651 |
|
6 |
|a États-Unis
|x Histoire
|y 1861-1865 (Guerre de Secession)
|x Histoire des unites.
|
| 651 |
|
6 |
|a États-Unis
|x Histoire
|y 1861-1865 (Guerre de Secession)
|v Recits personnels des confederes.
|
| 651 |
|
6 |
|a Caroline du Sud
|x Histoire
|y 1861-1865 (Guerre de Secession)
|x Histoire des unites.
|
| 651 |
|
6 |
|a Caroline du Sud
|x Histoire
|y 1861-1865 (Guerre de Secession)
|v Recits personnels.
|
| 651 |
|
0 |
|a Chester (S.C.)
|v Biography.
|
| 651 |
|
0 |
|a United States
|x History
|y Civil War, 1861-1865
|x Regimental histories.
|
| 651 |
|
0 |
|a United States
|x History
|y Civil War, 1861-1865
|v Personal narratives, Confederate.
|
| 651 |
|
0 |
|a South Carolina
|x History
|y Civil War, 1861-1865
|x Regimental histories.
|
| 651 |
|
0 |
|a South Carolina
|x History
|y Civil War, 1861-1865
|v Personal narratives.
|
| 655 |
|
7 |
|a Personal correspondence.
|2 fast
|0 (OCoLC)fst01919948
|
| 655 |
|
7 |
|a Personal narratives
|v Confederate.
|2 fast
|0 (OCoLC)fst01423844
|
| 655 |
|
7 |
|a Personal narratives.
|2 fast
|0 (OCoLC)fst01423843
|
| 655 |
|
7 |
|a History.
|2 fast
|0 (OCoLC)fst01411628
|
| 655 |
|
7 |
|a Diaries.
|2 fast
|0 (OCoLC)fst01423794
|
| 655 |
|
7 |
|a Biographies.
|2 fast
|0 (OCoLC)fst01919896
|
| 655 |
|
7 |
|a Electronic books.
|2 local
|
| 700 |
1 |
|
|a Smith, Bobbie Swearingen,
|d 1931-2009.
|
| 710 |
2 |
|
|a Project Muse.
|e distributor
|
| 830 |
|
0 |
|a Book collections on Project MUSE.
|
| 856 |
4 |
0 |
|z Texto completo
|u https://projectmuse.uam.elogim.com/book/23919/
|
| 945 |
|
|
|a Project MUSE - Custom Collection
|
| 945 |
|
|
|a Project MUSE - Archive Complete Supplement II
|
| 945 |
|
|
|a Project MUSE - Archive US Regional Studies, South Supplement II
|